logo

Bir Sreshtho Munshi Abdur Rouf Library
Jhenaidah Cadet College

Descriptive Geometry / (Record no. 6078)

MARC details
000 -LEADER
fixed length control field 00500nam a2200205 a 4500
001 - CONTROL NUMBER
JCCL Control Number 6078
003 - CONTROL NUMBER IDENTIFIER
JCCL marc code BD-JhCC
005 - DATE AND TIME OF LATEST TRANSACTION
control field 20180101182329.0
008 - FIXED-LENGTH DATA ELEMENTS--GENERAL INFORMATION
fixed length control field 180101s1957 usa |||| |||| 000 0 eng d
035 ## - SYSTEM CONTROL NUMBER
system control number (BD-JhCC)
040 ## - CATALOGING SOURCE
Original cataloging agency BD-JhCC
Modifying agency BD-JhCC
041 ## - LANGUAGE CODE
Language code of Book eng
082 ## - DEWEY DECIMAL CLASSIFICATION NUMBER
Classification number 516.6
Author mark and Year SLA 1957
100 ## - MAIN ENTRY--PERSONAL NAME
Personal name Slaby, Steve M.
245 ## - TITLE STATEMENT
Title Descriptive Geometry /
Statement of responsibility, etc Steve M. Slaby
260 ## - PUBLICATION, DISTRIBUTION, ETC. (IMPRINT)
Place of publication, distribution, etc USA :
Name of publisher, distributor, etc Barnes & Noble, Inc;
Date of publication, distribution, etc 1957
300 ## - PHYSICAL DESCRIPTION
Pagination 353 p,;
Dimensions 22 cm
650 ## - SUBJECT ADDED ENTRY--TOPICAL TERM
Topical term or geographic name as entry element Geometry
942 ## - ADDED ENTRY ELEMENTS (KOHA)
Source of classification or shelving scheme Dewey Decimal Classification
Koha item type Books
Holdings
Source of classification or shelving scheme Damaged status Not for loan Home library Current library Shelving location Date of accession Total Checkouts Full call number Barcode Date last seen Copy number Koha item type
Dewey Decimal Classification     JCC Rouf Library JCC Rouf Library General Stacks 01/01/2018   516.6 SLA 1957 8505 01/01/2018 C-1 Books

JCC Library | Contacts | JCC Home

Last Update on 23 September 2017
Copyright @ 2017-2020 JCC Rouf Library
Rouf Library, Jhenidah Cadet College (JCC), Bangladesh